000
00224nmm a2200085Ia 4500
008
220120s9999||||xx |||||||||||||||||und||
100
_a
Chip
245
0
_a
Power tools pack, adobe photoshop cs6 13.0
260
_a
Infomedia18
_c
2012
999
_c
139791
_d
139791